Normal view
MARC view
- MATERIALS MANAGEMENT.
Entry Topical Term
001 - CONTROL NUMBER
- control field: 1281
003 - CONTROL NUMBER IDENTIFIER
- control field: NUST
005 - DATE AND TIME OF LATEST TRANSACTION
- control field: 20170522160831.0
008 - FIXED-LENGTH DATA ELEMENTS
- fixed length control field: 170522|| aca||aabn | a|a d
040 ## - CATALOGING SOURCE
- Original cataloging agency: NUST
- Transcribing agency: NUST
150 ## - HEADING--TOPICAL TERM
- Topical term or geographic name entry element: MATERIALS MANAGEMENT.
670 ## - SOURCE DATA FOUND
- Source citation: Work cat.: (NUST)0: CHITALE, A.K 1280, MATERIALS MANAGEMENT:TEXT AND CASES, 2006
